Professional development plus (Record no. 85471)

MARC details
000 -LEADER
fixed length control field 01790cam a22002295a 4500
001 - CONTROL NUMBER
control field E158050
008 - FIXED-LENGTH DATA ELEMENTS--GENERAL INFORMATION
fixed length control field 100114s2010 xxk f 000 0 eng d
022 1# - INTERNATIONAL STANDARD SERIAL NUMBER
International Standard Serial Number 1471-2032
035 ## - SYSTEM CONTROL NUMBER
System control number (Sirsi) u158050
041 0# - LANGUAGE CODE
Language code of text/sound track or separate title eng
050 04 - LIBRARY OF CONGRESS CALL NUMBER
Classification number 690 $2 18
110 2# - MAIN ENTRY--CORPORATE NAME
Corporate name or jurisdiction name as entry element Building Research Establishment
245 00 - TITLE STATEMENT
Title Professional development plus
Remainder of title CD 46 2013
Medium [electronic resource]
260 ## - PUBLICATION, DISTRIBUTION, ETC.
Place of publication, distribution, etc. Watford
Name of publisher, distributor, etc. BRE Press
Date of publication, distribution, etc. 2014
300 ## - PHYSICAL DESCRIPTION
Extent 1 CD-ROM
505 2# - FORMATTED CONTENTS NOTE
Formatted contents note Digests 528 to 530 -- Good Repair Guide 37 part 2 and 3 -- Information Papers 1/13 to 17/13 -- BRE books January - December 2013 -- BRE 135, Fire performance of external thermal insulation for walls of multistorey buildings -- BRE Trust reports January - December 2013 -- FB 52, Evacuating vulnerable and dependent people from buildings in an emergency -- FB 53, Refurbishing stairs in dwellings to reduce the risk of falls and injuries -- FB 54, Dealing with difficult demolition wastes -- FB 55, Security glazing: is it all that it's cracked up to be? -- FB 56, The essential guide to retail lighting -- FB 57, Environmental impact of metals -- FB 58, Environmental impact of brick, stone and concrete -- FB 59, Design of low-temperature domestic heating systems -- FB 60, Performance of photovoltaic systems on non-domestic buildings -- FB 61, Reducing thermal bridging at junctions when designing and installing solid wall insulation -- FB 62, Housing in the UK -- AP 296, BRE Trust Annual Review 2012 -- AP 297, Index to BRE Digests, Guides, Information Papers
520 ## - SUMMARY, ETC.
Summary, etc. Contains technical reports and guidance on good construction practice issued by BRE during 2013.
651 #4 - SUBJECT ADDED ENTRY--GEOGRAPHIC NAME
Geographic name United Kingdom
Chronological subdivision
690 ## - LOCAL SUBJECT ADDED ENTRY--TOPICAL TERM (OCLC, RLIN)
Topical term or geographic name as entry element BUILT ENVIRONMENT
856 48 - ELECTRONIC LOCATION AND ACCESS
Uniform Resource Identifier <a href="https://www.rics.org/library">https://www.rics.org/library</a>
Public note CDs can only be used in the library.
942 ## - ADDED ENTRY ELEMENTS (KOHA)
Suppress in OPAC 0
Holdings
Withdrawn status Lost status Source of classification or shelving scheme Damaged status Not for loan Home library Current library Shelving location Date acquired Total Checkouts Full call number Barcode Date last seen Copy number Price effective from Koha item type
    Dewey Decimal Classification     London London BRE publications 26/02/2014   BRE 30075124 06/08/2019 1 06/08/2019 Audio